000
00241nam a22001097a 4500
082
_a
956 KAS'H
245
_a
THE KASHMIR CAMPAIGN 1947-48
250
_a
2ND
260
_a
RAWALPINDI
_b
HISTORICAL SECTION
_c
1990
300
_a
312P
942
_c
BK
999
_c
566730
_d
566730